000 00845 a2200229 4500
001 47415
005 20260407155741.0
008 260407a1976 arg spa d
003 AR-UNSa-BCEJYS
040 _aAR-UNSa-BCEJYS
_bspa
_cAR-UNSa-BCEJYS
080 _a330
_xEconomía en general
245 1 0 _aEconomía del desequilibrio
020 _a84-316-0590-1
264 1 _aBarcelona :
_bVicens-Vives
_c1976
300 _a112 p.
_c21 cm.
505 _a1. Introducción - 2. Economía de los desequilibrios microeconómicos - 3. Economía de los desequilibrios macroeconómicos - 4. Política de estabilización.
942 _cBK
590 _aniveau_biblio:m niveau_hierar:0
100 1 _aNicolás, Alberto
700 1 _aDoorn, J.Van
856 4 1 _uhttps://www.biblioeco.unsa.edu.ar/pmb/images/libros/L127496.jpg
_yImagen de portada
_qimage/jpeg
999 _c4354
_d4354